000
00204nam a22000977a 4500
003
SGT
245
_a
THE INDIAN JOURNAL OF PEDIATRICS
260
_a
INDIA
_b
SPRINGER
_c
2010
300
_a
466
942
_2
ddc
_c
BV
999
_c
19600
_d
19600